<?xml version="1.0" encoding="UTF-8"?>
<record
    xmlns:xsi="http://www.w3.org/2001/XMLSchema-instance"
    xsi:schemaLocation="http://www.loc.gov/MARC21/slim http://www.loc.gov/standards/marcxml/schema/MARC21slim.xsd"
    xmlns="http://www.loc.gov/MARC21/slim">

  <leader>00485nam a22001697a 4500</leader>
  <controlfield tag="005">20250327114308.0</controlfield>
  <controlfield tag="008">250327b        |||||||| |||| 00| 0 eng d</controlfield>
  <datafield tag="020" ind1=" " ind2=" ">
    <subfield code="a">9780691250144</subfield>
  </datafield>
  <datafield tag="041" ind1=" " ind2=" ">
    <subfield code="a">eng</subfield>
  </datafield>
  <datafield tag="082" ind1=" " ind2=" ">
    <subfield code="a">338.5 KRE</subfield>
  </datafield>
  <datafield tag="100" ind1=" " ind2=" ">
    <subfield code="a">Kreps, David M.</subfield>
  </datafield>
  <datafield tag="245" ind1=" " ind2=" ">
    <subfield code="a">Microeconomic Foundations II: Imperfect Competition Information and Strategic Interaction</subfield>
  </datafield>
  <datafield tag="260" ind1=" " ind2=" ">
    <subfield code="a">USA</subfield>
    <subfield code="b">Princeton Univeinrity Pres</subfield>
    <subfield code="c">2023</subfield>
  </datafield>
  <datafield tag="300" ind1=" " ind2=" ">
    <subfield code="a">780;.P. 26 cm</subfield>
  </datafield>
  <datafield tag="650" ind1=" " ind2=" ">
    <subfield code="a">Microeconomics</subfield>
  </datafield>
  <datafield tag="942" ind1=" " ind2=" ">
    <subfield code="c">BK</subfield>
  </datafield>
  <datafield tag="999" ind1=" " ind2=" ">
    <subfield code="c">43434</subfield>
    <subfield code="d">43434</subfield>
  </datafield>
  <datafield tag="952" ind1=" " ind2=" ">
    <subfield code="0">0</subfield>
    <subfield code="1">0</subfield>
    <subfield code="2">ddc</subfield>
    <subfield code="4">0</subfield>
    <subfield code="7">0</subfield>
    <subfield code="a">IMTN</subfield>
    <subfield code="b">IMTN</subfield>
    <subfield code="c">Rack 11-B</subfield>
    <subfield code="d">2025-03-24</subfield>
    <subfield code="e">Raghav Books Private Limited</subfield>
    <subfield code="g">6279.00</subfield>
    <subfield code="i">2374</subfield>
    <subfield code="l">0</subfield>
    <subfield code="o">338.5 KRE</subfield>
    <subfield code="p">33725</subfield>
    <subfield code="r">2025-03-27 00:00:00</subfield>
    <subfield code="t">33</subfield>
    <subfield code="w">2025-02-14</subfield>
    <subfield code="y">BK</subfield>
    <subfield code="z">Dr. Veena Pailwar</subfield>
  </datafield>
</record>
